LEADER 00911nam0-22003011i-450- 001 990008027680403321 005 20050321135547.0 035 $a000802768 035 $aFED01000802768 035 $a(Aleph)000802768FED01 035 $a000802768 100 $a20050321d1957----km-y0itay50------ba 101 0 $alat 102 $aIT 105 $ay---n---001yy 200 1 $aDe mandato procuratio in iure canonico$fJoannes Lipski 210 $aRomae$cPontificum Athenaeum Lateranense$d1957 215 $a33 p.$din 8° 300 $aestratto da: Pontificium Institutum Utriusque Iuris. Theses ad lauream, n. 106 676 $a292.9$v11 rid.$zita 700 1$aLipski,$bJoannes$0497111 801 0$aIT$bUNINA$gRICA$2UNIMARC 901 $aBK 912 $a990008027680403321 952 $aDissert. 2 (106)$b54925$fFGBC 959 $aFGBC 996 $aDe mandato procuratio in iure canonico$9755042 997 $aUNINA LEADER 00942nam0 2200337 450 001 990010084740403321 005 20160629141705.0 035 $a001008474 035 $aFED01001008474 035 $a(Aleph)001008474FED01 035 $a001008474 100 $a20160629d1960----km-y0itaa50------ba 101 0 $aita 102 $aIT 105 $a--------001yy 200 1 $aOlii essenziali e resine$fA. Mangini 205 $a2. ed 210 $aBologna$cR. Patron$d1960 215 $aVII, 212 p.$d25 cm 225 1 $aQuaderni di chimica industriale$v8 300 $aDalle lezioni di chimica industriale tenute dal prof. A. Mangini / raccolte e coordinate dal dott. R. Passerini 482 0$1001000220775 610 0 $aEssenze 610 0 $aResine 676 $a661.8 700 1$aMangini,$bAngelo$f<1905-1988> 801 0$aIT$bUNINA$gRICA$2UNIMARC 901 $aBK 912 $a990010084740403321 959 $aFFABC 997 $aUNINA